Not in the calendar / (Record no. 5073)
[ view plain ]
| 000 -LEADER | |
|---|---|
| fixed length control field | 00363cam a2200145ua 4500 |
| 041 ## - LANGUAGE CODE | |
| Language code of text/sound track or separate title | eng |
| 082 ## - DEWEY DECIMAL CLASSIFICATION NUMBER | |
| Classification number | 823.308 |
| Item number | KEN/NO |
| 100 ## - MAIN ENTRY--AUTHOR NAME | |
| Personal name | Kennedy, Margaret . |
| 245 ## - TITLE STATEMENT | |
| Title | Not in the calendar / |
| 260 ## - PUBLICATION, DISTRIBUTION, ETC. (IMPRINT) | |
| Place of publication | London : |
| Name of publisher | McMillon & Co Ltd , |
| Year of publication | 1964. |
| 300 ## - PHYSICAL DESCRIPTION | |
| Number of Pages | 241 ; . |
| 942 ## - ADDED ENTRY ELEMENTS (KOHA) | |
| Koha item type | Books |
| Withdrawn status | Lost status | Damaged status | Home library | Current library | Date acquired | Cost, normal purchase price | Full call number | Accession Number | Koha item type | Public note |
|---|---|---|---|---|---|---|---|---|---|---|
| Withdrawn | KAUAET | Sanskrit University | 07/04/2012 | 21.00 | 823.308 | 6944 | Books | Transferred to Sanskrit University |
